000 01154cam a22002654a 4500
005 20260205124535.0
008 000324s2001 cau b s001 0 eng
020 _a0520225139
_qalk. paper
020 _a0520227689
_qpbk. : alk. paper
040 _aKABLIB
_cKABLIB
_erda
082 0 0 _a303.48
_223
_bPAL
100 1 _aPaley, Julia,
_d1964-
_915284
245 1 0 _aMarketing democracy :
_bpower and social movements in post-dictatorship Chile /
_cJulia Paley.
260 _aBerkeley :
_bUniversity of California Press,
_cc2001.
300 _axviii, 255 p. :
_bill. ;
_c23 cm.
504 _aIncludes bibliographical references (p. 235-244), index.
650 0 _aSocial movements
_zChile.
_915285
650 0 _aPower (Social sciences)
_zChile.
_915286
650 0 _aDemocracy
_zChile.
_915287
651 0 _aChile
_xPolitics and government
_y1988-
_915288
856 4 2 _3Contributor biographical information
_uhttp://www.loc.gov/catdir/bios/ucal052/00037405.html
856 4 1 _3Table of contents
_uhttp://www.loc.gov/catdir/toc/ucal041/00037405.html
856 4 2 _3Publisher description
_uhttp://www.loc.gov/catdir/description/ucal042/00037405.html
942 _2ddc
_cBOOK
999 _c6040
_d6040